000
00312 a2200145 4500
001
168861
020
_a
040
_c
Magnum
100
_a
Witkowski, Nicolas (Coord.)
240
1
0
_a
Ciencia e tecnologia hoje
_l
por
245
1
0
_a
Ciencia e tecnologia hoje
362
0
_a
1899
697
_a
GERAL
942
_c
BK
999
_c
168861
_d
168861